| 000 | 00924nam a22002295a 4500 | ||
|---|---|---|---|
| 999 |
_c27477 _d27448 |
||
| 005 | 20190522111804.0 | ||
| 008 | 190522t2018 fr 000 0 eng d | ||
| 020 | _a9781628454246 | ||
| 040 |
_aEG-ScBUE _beng _cEG-ScBUE _dEG-ScBUE |
||
| 082 | 0 | 4 |
_a428.0076 _bTOE _222 |
| 245 | 0 | 0 |
_aTOEFL iBT preparation book : _btest prep for reading, listening, speaking, & writing on the test of English as a foreign language / _cTOEFL Test Preparation Team. |
| 260 |
_a[New York] : _bTest Prep Books, _cc.2018. |
||
| 300 |
_a115 p. : _bill. ; _c28 cm. |
||
| 500 | _a"With audio links for the listening section" -- cover page. | ||
| 650 | 7 |
_aEnglish language _vTextbooks for foreign speakers. _2BUEsh |
|
| 650 | 7 |
_aTest of English as a Foreign Language _vStudy guides. _2BUEsh |
|
| 650 | 7 |
_aEnglish language _xExaminations _vStudy guides. _2BUEsh |
|
| 651 | _2BUEsh | ||
| 653 |
_bHHUUEENN _cMay2019 |
||
| 655 | _vReading book | ||
| 942 | _2ddc | ||